Представление документа в формате MARC21

Поле Инд. ПП Название Значение
Тип записи a
Библиографический уровень m
001 Контрольный номер RU/IS/BASE/381936882
005 Дата корректировки 20140703201908.1
040 a Служба первич. каталог. НБ ТвГУ
b Код языка каталог. rus
e Правила каталог. PSBO
041 0_ a Код языка текста rus
080 a Индекс УДК 81'42(043.3)
084 a Индекс другой классификации/Индекс ББК Ш103.3я031
090 a Полочн. индекс Ш103.3
x Авторский знак С 16
100 1_ a Автор Салтыкова Екатерина Алексеевна
q Полное имя Салтыкова Е. А.
245 10 a Заглавие Функционирование иносказательных фразеологических единиц в аргументативном дискурсе (на материале русского, английского, французского языков)
b Продолж. заглавия дис. ... к.ф.н. : 01.02.19
c Ответственность Калуж. гос. ун-т им. К. Э. Циолковского
260 a Место издания Калуга
b Издательство б. и.
c Дата издания 2011
300 a Объем 190 с.
b Иллюстрации/ тип воспроизводства табл.
500 a Примечание На правах рукоп.
502 a Примечание о диссертации Дис. (канд.) - Калужский государственный университет им. К. Э. Циолковского, 2011
504 a Библиография Библиогр.: с. 149-166 (219, 10 назв.)
653 a Ключевые слова Анализ дискурса
a Ключевые слова Английский язык
a Ключевые слова Дискурс
a Ключевые слова Диссертации
a Ключевые слова Лексикология
a Ключевые слова Русский язык
a Ключевые слова Теория языка
a Ключевые слова Фразеологический единицы
a Ключевые слова Фразеология
a Ключевые слова Французский язык
a Ключевые слова Языкознание
901 t Тип документа m
920 a Оператор Густ
930 a Новая/Ретро диссертации
952 c Вид литературы Дис н
954 a Дата поступления на обработку 20120213